Statistics for hogwarts professors

Click here to take the quiz!

General Stats

  • This quiz has been taken 20 times
  • The average score is 12 of 14

Answer Stats

HintAnswer% Correct
AlbusDumbledore
100%
SeverusSnape
100%
RubeusHagrid
92%
AlastorMoody
92%
DoloresUmbridge
92%
FiliusFlitwick
85%
GilderoyLockhart
85%
RemusLupin
85%
MinervaMcGonagall
85%
PomonaSprout
77%
SybillTrelawney
77%
HoraceSlughorn
69%
CuthbertBinns
62%
QuirinusQuirrell
62%

Score Distribution

Percentile by Number Answered

Percent of People with Each Score

Your Score History

You have not taken this quiz